LIBRARY & INFORMATION CENTRE, KCAET, TAVANUR

ONLINE PUBLIC ACCESS CATALOGUE (OPAC)

Re inforced and Pre-Stressed Masonary (Record no. 5902)

MARC details
000 -LEADER
fixed length control field 00289cam a2200121ua 4500
020 ## - INTERNATIONAL STANDARD BOOK NUMBER
ISBN 07 27701614
082 ## - DEWEY DECIMAL CLASSIFICATION NUMBER
Classification number 624.183
Item number THO/RE
245 ## - TITLE STATEMENT
Title Re inforced and Pre-Stressed Masonary
250 ## - EDITION STATEMENT
Edition statement 1 /
260 ## - PUBLICATION, DISTRIBUTION, ETC. (IMPRINT)
Place of publication London :
Name of publisher Thomas Telford Ltd ,
Year of publication 1982.
300 ## - PHYSICAL DESCRIPTION
Number of Pages 163 ; .
942 ## - ADDED ENTRY ELEMENTS (KOHA)
Koha item type Reference
Holdings
Withdrawn status Lost status Damaged status Collection code Home library Current library Shelving location Date acquired Full call number Accession Number Koha item type
      Reference KAUAET KAUAET Reference 07/04/2012 624.183.THO/RE 16550 Reference
free website counter